Numerical methods for engineers : with software and programming applications /

Guardado en:
Autor Principal: Chapra, Steven C.
Otros Autores: Canale, Raymond P.
Formato: Libro
Idioma:English
Publicado: Boston : McGraw-Hill, c2002.
Edición:4th ed.
Materias:
Acceso en línea:Biografía del autor
Descripción
Tabla de contenidos
Etiquetas: Agregar Etiqueta
Sin Etiquetas, Sea el primero en etiquetar este registro!
LEADER 01358cam a22003135a 4500
001 EIQ.libpla002940
008 010313s2002####maua#####b####001#0#eng#d
005 20070920160430.0
245 1 0 |a Numerical methods for engineers :  |b with software and programming applications /  |c Steven C. Chapra, Raymond P. Canale. 
250 |a 4th ed. 
260 |a Boston :  |b McGraw-Hill,  |c c2002. 
300 |a xviii, 926 p. :  |b il. (Algunas col.) ;  |c 24 cm. 
504 |a Incluye referencias bibliográficas (p. 911-913) e índice. 
020 |a 0072431938 (alk. paper) 
100 1 |a Chapra, Steven C. 
700 1 |a Canale, Raymond P. 
082 0 0 |a 519.4/024/62  |2 21 
650 4 |a Matemáticas para ingenieros  |x Procesamiento de datos. 
650 4 |a Cálculos numéricos  |x Procesamiento de datos. 
650 4 |a Microcomputadores  |x Programación. 
650 0 |a Engineering mathematics  |x Data processing. 
650 0 |a Numerical calculations  |x Data processing. 
650 0 |a Microcomputers  |x Programming. 
010 |a  2001030654 
040 |a DLC  |c DLC  |d AR-BbSID 
856 4 2 |3 Biografía del autor  |u http://www.loc.gov/catdir/bios/mh042/2001030654.html 
856 4 2 |3 Descripción  |u http://www.loc.gov/catdir/description/mh021/2001030654.html 
856 4 1 |3 Tabla de contenidos  |u http://www.loc.gov/catdir/toc/mh021/2001030654.html 
859 |a AR-BbSID  |b BIB. PLAPIQUI  |h 519.4  |i C 888  |p 5653